<?xml version="1.0" encoding="UTF-8"?><?xml-stylesheet type="text/xsl" href="static/style.xsl"?><OAI-PMH xmlns="http://www.openarchives.org/OAI/2.0/" xmlns:xsi="http://www.w3.org/2001/XMLSchema-instance" xsi:schemaLocation="http://www.openarchives.org/OAI/2.0/ http://www.openarchives.org/OAI/2.0/OAI-PMH.xsd"><responseDate>2026-06-02T09:01:55Z</responseDate><request verb="GetRecord" identifier="oai:riuma.uma.es:10630/14642" metadataPrefix="marc">https://riuma.uma.es/rest/oai/request</request><GetRecord><record><header><identifier>oai:riuma.uma.es:10630/14642</identifier><datestamp>2026-02-03T12:08:52Z</datestamp><setSpec>com_10630_2254</setSpec><setSpec>col_10630_37959</setSpec></header><metadata><record xmlns="http://www.loc.gov/MARC21/slim" xmlns:dcterms="http://purl.org/dc/terms/" xmlns:doc="http://www.lyncode.com/xoai" xmlns:xsi="http://www.w3.org/2001/XMLSchema-instance" xsi:schemaLocation="http://www.loc.gov/MARC21/slim http://www.loc.gov/standards/marcxml/schema/MARC21slim.xsd">
   <leader>00925njm 22002777a 4500</leader>
   <datafield ind2=" " ind1=" " tag="042">
      <subfield code="a">dc</subfield>
   </datafield>
   <datafield ind2=" " ind1=" " tag="720">
      <subfield code="a">Valero-Aguayo, Luis</subfield>
      <subfield code="e">author</subfield>
   </datafield>
   <datafield ind2=" " ind1=" " tag="720">
      <subfield code="a">Ferro García, Rafael</subfield>
      <subfield code="e">author</subfield>
   </datafield>
   <datafield ind2=" " ind1=" " tag="260">
      <subfield code="c">2017-10-16</subfield>
   </datafield>
   <datafield ind2=" " ind1=" " tag="520">
      <subfield code="a">La aplicación de la Psicoterapia Analítica Funcional dentro de las terapias contextuales, hace un énfasis especial en la relación terapéutica. Las interacciones verbales entre terapeuta y cliente dentro de la sesión constituyen el contexto en directo donde realizar los cambios terapéuticos. En esta comunicación se realiza una revisión de las habilidades personales y profesionales que hacen posible que esas interacciones funcionen, que se produzcan contingencias naturales y que el cambio conseguido sea genuino y auténtico, y con ello se generalice a la vida diaria del cliente. Entre esas habilidades profesionales que podrían aprenderse estarían: ser conscientes, tener coraje, ser valientes, ofrecer autorrevelaciones y practicar la intimidad y el amor terapéutico. A las que se añadirían como habilidades personales: la generosidad, el respeto, la colaboración, aceptación y tolerancia del cliente, la sensatez, la afectividad y calidez, empatía y generar confianza, mostrar autenticidad y conocerse a sí mismo. Este conjunto de habilidades, que se comparten con muchos otros clínicos, han de mostrarse en un contexto clínico y una forma de actuación natural que es característica de FAP.</subfield>
   </datafield>
   <datafield ind1="8" ind2=" " tag="024">
      <subfield code="a">http://hdl.handle.net/10630/14642</subfield>
   </datafield>
   <datafield tag="653" ind2=" " ind1=" ">
      <subfield code="a">Psicoterapia</subfield>
   </datafield>
   <datafield ind2="0" ind1="0" tag="245">
      <subfield code="a">Las habilidades personales y terapéuticas del psicólogo que utilice la Psicoterapia Analítica Funcional</subfield>
   </datafield>
</record>
</metadata></record></GetRecord></OAI-PMH>